000 00517pam a2200181 4500
001 1152
005 20181127162800.0
008 870810s1988 nyu b 001 0 eng
020 _a8126907347
245 0 0 _aWilliam Shakespeare's The tempest /
_cRatri Ray.
260 _aNew Delhi :
_bAtlantic Publishers,
_c2007.
300 _a184 p. ;
_c25 cm.
440 0 _aAtlantic critical studies.
500 _aIncludes index.
600 1 0 _aShakespeare, William,
_d1564-1616.
_tTempest.
700 1 _aRay, Ratri.
740 0 _aTempest.
999 _c805
_d805